| 000 | 01158nam a2200265 i 4500 | ||
|---|---|---|---|
| 003 | DO-SdBNP | ||
| 005 | 20250207091623.0 | ||
| 007 | ta9 | ||
| 008 | 250114b2024 dr ||||| |||| 00| 0 spa d | ||
| 020 | _a9789945943313 | ||
| 040 |
_aDO-SdBNP _bspa _cBNPHU _erda |
||
| 082 | 4 |
_axxx _bR426g _222 |
|
| 110 |
_aRepública Dominicana. _bMinisterio de Cultura, Dirección Nacional de Patrimonio Cultural _986891 |
||
| 245 | _aGuía de los primeros ingenios de América | ||
| 264 | 1 |
_aSanto Domingo : _bCentro Cultural de España en Santo Domingo, _c2024. |
|
| 300 |
_a57 páginas : _bIlustraciones ; _c20 cm. |
||
| 336 |
_atexto _btxt _2rdacontent |
||
| 337 |
_asin mediación _bnc _2rdamedia |
||
| 338 |
_avolumen _bnc _2rdacarrier |
||
| 505 | _aPrólogo 7 -- Presentación 11 -- Introducción 15 -- Mapa de localización de ingenios y trapiches 20 -- Valor del conjunto 22 -- Ingenio Santa Ana de Engombe 25 -- Casona Palavé 35 -- Ingenio Diego Caballero 41 -- Ingenio Boca de Nigua 49 -- Glosario y bibliografía 58 -- Mapa de ruta 59 | ||
| 590 | _aInventariado, 2025/DG | ||
| 700 | 1 |
_aCarlo, Ericarol, _eeditor _4ed. _985615 |
|
| 910 | _aDG | ||
| 942 |
_2ddc _cLBS1 |
||
| 999 |
_c58040 _d58040 |
||